000 00237nam a2200097Ia 4500
001 1159419
005 20250827011320.0
008 250824s9999 xx 000 0 und d
245 0 _aKİRAZ AĞACI
_cPAOLA PERETTI
260 _bTİMAŞ GENÇ
999 _c1159419
_d1159419